005790000a2200169000450024500980000065000180009865000230011665000320013965000320017165000250020365000200022865000180024865300160026604100130028210000250029577300890032010aRevision of the neotropical genus Tropidacris (Orthoptera, Acridoidae, romaleidae, Rmaleinae)14aEntomología14aTaxonomía animal14aDistribución geográfica14aRequerimientos ecológicos14aSistemática animal14aNuevas especies14aNeotrópicos gTropidacris0 aInglés1 aCarbonell, Carlos S.1 tProceedings of the Academy of Natural Science of Philadelphiah2q366-402d1986g138